IFM Opac

production functions (Record no. 14030)

MARC details
000 -LEADER
fixed length control field 00323nam a22001337a 4500
020 ## - INTERNATIONAL STANDARD BOOK NUMBER
International Standard Book Number 0720431751
082 ## - DEWEY DECIMAL CLASSIFICATION NUMBER
Classification number 338.06 JOH
100 ## - MAIN ENTRY--PERSONAL NAME
Personal name Johansen, Leif.
245 ## - TITLE STATEMENT
Title production functions
260 ## - PUBLICATION, DISTRIBUTION, ETC.
Place of publication, distribution, etc. London
Name of publisher, distributor, etc. North-Hulland
Date of publication, distribution, etc. 1972
300 ## - PHYSICAL DESCRIPTION
Extent ix, 274p.
Other physical details ill, 24cm.
500 ## - GENERAL NOTE
General note Include index, Bibliography
942 ## - ADDED ENTRY ELEMENTS (KOHA)
Koha item type Books
Holdings
Withdrawn status Lost status Source of classification or shelving scheme Damaged status Not for loan Home library Current library Shelving location Date acquired Full call number Barcode Date last seen Price effective from Koha item type
    Dewey Decimal Classification     IFM Main Campus Library IFM Main Campus Library   11/14/2015 338.06 JOH 0000005694 11/14/2015 11/14/2015 Books